Govt. of
Madhya Pradesh

वस्‍तुनिष्‍ठ प्रशन बैंक रसायन विज्ञान (Record no. 52888)

MARC details
000 -LEADER
fixed length control field 00508nam a22001697a 4500
003 - CONTROL NUMBER IDENTIFIER
control field MACL
005 - DATE AND TIME OF LATEST TRANSACTION
control field 20160128170604.0
008 - FIXED-LENGTH DATA ELEMENTS--GENERAL INFORMATION
fixed length control field 160128b xxu||||| |||| 00| 0 eng d
040 ## - CATALOGING SOURCE
Transcribing agency MACL
041 ## - LANGUAGE CODE
Language code of text/sound track or separate title Hindi
082 ## - DEWEY DECIMAL CLASSIFICATION NUMBER
Classification number 540/SHA
100 ## - MAIN ENTRY--PERSONAL NAME
Personal name डॉ बी के शर्मा
9 (RLIN) 35109
245 ## - TITLE STATEMENT
Title वस्‍तुनिष्‍ठ प्रशन बैंक रसायन विज्ञान
260 ## - PUBLICATION, DISTRIBUTION, ETC. (IMPRINT)
Place of publication, distribution, etc. Meerut
Name of publisher, distributor, etc. Krishna Prakashan Media
650 ## - SUBJECT ADDED ENTRY--TOPICAL TERM
Topical term or geographic name as entry element Chemistry
9 (RLIN) 35110
942 ## - ADDED ENTRY ELEMENTS (KOHA)
Source of classification or shelving scheme
Koha item type Hindi Books
Holdings
Withdrawn status Lost status Source of classification or shelving scheme Damaged status Not for loan Home library Current library Date acquired Cost, normal purchase price Total Checkouts Full call number Barcode Date last seen Date last checked out Price effective from Koha item type
          MACL MACL 28/01/2016 395.00 2 540/SHA CLC001202 14/06/2016 17/05/2016 28/01/2016 Hindi Books